| 000 | 00819cad a22002055a 4500 | ||
|---|---|---|---|
| 001 | L153312 | ||
| 008 | 110708s2011 xxk f 000 0 eng d | ||
| 035 | _a(Sirsi) u153312 | ||
| 041 | 0 | _aeng | |
| 050 | 0 | 4 | _a306.1 $2 18 |
| 110 | 2 |
_aLondon Assembly _bPlanning and Housing Committee _95959 |
|
| 245 | 0 | 0 |
_aImplications of the affordable rent model in London _h[electronic resource] |
| 260 |
_aLondon _bGreater London Authority _c2011 |
||
| 520 | _aAssesses the implications of the affordable rent model in London. | ||
| 590 | _aKA | ||
| 651 | 4 | _aLondon | |
| 690 | _aPROPERTY-RESIDENTIAL PROPERTY-RESIDENTIAL PROPERTY MARKET | ||
| 856 | 4 | 0 |
_uhttps://www.london.gov.uk/sites/default/files/Implications%20of%20Affordable%20Rent%20Model%20in%20London.pdf _zView the item free of charge at www.london.gov.uk |
| 942 | _n0 | ||
| 999 |
_c112465 _d112465 |
||